000 00389pab a2200157 454500
008 180718b2004 xxu||||| |||| 00| 0 eng d
100 _aDomingo, Ma Oliva Z.
245 _aIndigenous leadership and governance
260 _c2004
300 _ap.1-39.
362 _aApr
650 _aLeadership
773 _aPhilippine Journal of Public Administration
908 _aN
909 _a77625
999 _c77625
_d77625